Complete Solution to Basic Mathematics (Record no. 19003)
[ view plain ]
| 000 -LEADER | |
|---|---|
| fixed length control field | 00289nam a22001217a 4500 |
| 003 - CONTROL NUMBER IDENTIFIER | |
| control field | OSt |
| 008 - FIXED-LENGTH DATA ELEMENTS--GENERAL INFORMATION | |
| fixed length control field | 250109b |||||||| |||| 00| 0 eng d |
| 041 ## - LANGUAGE CODE | |
| Language code of text/sound track or separate title | eng |
| 100 ## - MAIN ENTRY--AUTHOR NAME | |
| Personal name | Sharma, SD |
| 245 ## - TITLE STATEMENT | |
| Title | Complete Solution to Basic Mathematics |
| 260 ## - PUBLICATION, DISTRIBUTION, ETC. (IMPRINT) | |
| Place of publication | Meerut, |
| Name of publisher | AS Prakashan |
| 942 ## - ADDED ENTRY ELEMENTS (KOHA) | |
| Koha item type | Books |
| Withdrawn status | Lost status | Damaged status | Home library | Current library | Date acquired | Cost, normal purchase price | Accession Number | Koha item type | Public note |
|---|---|---|---|---|---|---|---|---|---|
| Withdrawn | KAUAET | KAUAET | 09/01/2025 | 15.00 | 14743 | Books | Withdrawn as per order no C2-4316/98 DATED 4/7/2000 |
